Tilastot visalle Mikä Yhdistyneen kuningaskunnan kaupunki?

Klikkaa tästä pelataksesi tätä visaa!

Yleistilastot

  • Tätä visaa on pelattu 259 kertaa
  • Keskiarvotulos 12 / 20

Vastaustilastot

KuvausKirjainKaupunki% Oikein
Yhdistyneen kuningaskunnan pääkaupunkiLLontoo
100%
Yhdistyneen kuningaskunnan vanhin yliopisto sijaitsee tässä kaupungissaOOxford
88%
Beatles on lähtöisin tästä Merseyjoen varrella sijaitsevasta kaupungistaLLiverpool
87%
Kaupunki, jossa käy toiseksi eniten ulkomailta saapuvia vierailijoitaEEdinburgh
84%
Aiemmin puuvillateollisuudesta tunnettu kaupunkiMManchester
77%
Robin Hood asui tämän kaupungin lähelläNNottingham
69%
Yhdistyneen kuningaskunnan toiseksi suurin kaupunki, jossa James Watt keksi höyrykoneenBBirmingham
62%
Kaupungin joukkue voitti Valioliigan kaudella 2016 vastoin odotuksiaLLeicester
59%
Tämän kaupungin asukkailla on selvästi keskimääräistä alhaisempi eliniänodote tuntemattomista syistäGGlasgow
58%
Tätä Skotlannin kaupunkia kutsutaan "graniittikaupungiksi"AAberdeen
55%
Kaupunki, jonka toinen paikallinen nimi on CaerdyddCCardiff
55%
Isaac Newton toimi tämän kaupungin yliopistossaCCambridge
52%
Mayflowerin viimeinen pysähdyspaikka ennen matkaa AmerikkaanPPlymouth
48%
Kaupunki, jossa Titanic rakennettiinBBelfast
47%
Marks & Spencer on perustettu tässä kaupungissa, jossa Royal Armouries Museum sijaitseeLLeeds
46%
Tunnetaan "teräskaupunkina"SSheffield
46%
Tynejoen varrella sijaitseva kaupunki, joka on merkittävä laivanrakennuskaupunkiNNewcastle
45%
Tämän kaupungin arkkipiispa johtaa Englannin kirkkoaCCanterbury
44%
Norfolkin kreivikunnassa sijaitseva kaupunki, joka oli Englannin toiseksi suurin kaupunki vuonna 1500NNorwich
36%
HMS Victory sijaitsee tässä kaupungissaPPortsmouth
36%

Tulosjakauma

Persentiili vastausten määrän mukaan

Jokaisen tuloksen saaneiden osuus

Tuloshistoriasi

Et ole pelannut tätä visaa